<?xml version="1.0" encoding="UTF-8"?>
<record
    xmlns:xsi="http://www.w3.org/2001/XMLSchema-instance"
    xsi:schemaLocation="http://www.loc.gov/MARC21/slim http://www.loc.gov/standards/marcxml/schema/MARC21slim.xsd"
    xmlns="http://www.loc.gov/MARC21/slim">

  <leader>04081cam a22003978i 4500</leader>
  <datafield tag="999" ind1=" " ind2=" ">
    <subfield code="c">29265</subfield>
    <subfield code="d">29236</subfield>
  </datafield>
  <controlfield tag="001">21868046</controlfield>
  <controlfield tag="003">EG-ScBUE</controlfield>
  <controlfield tag="005">20210727142354.0</controlfield>
  <controlfield tag="008">210103s2021    enk    f b    001 0 eng d</controlfield>
  <datafield tag="020" ind1=" " ind2=" ">
    <subfield code="a">9780367362096</subfield>
  </datafield>
  <datafield tag="040" ind1=" " ind2=" ">
    <subfield code="a">LBSOR/DLC</subfield>
    <subfield code="b">eng</subfield>
    <subfield code="e">rda</subfield>
    <subfield code="c">DLC</subfield>
    <subfield code="d">EG-ScBUE</subfield>
  </datafield>
  <datafield tag="082" ind1="0" ind2="4">
    <subfield code="a">657.0285</subfield>
    <subfield code="b">BUS</subfield>
    <subfield code="2">22</subfield>
  </datafield>
  <datafield tag="100" ind1="1" ind2=" ">
    <subfield code="a">Busulwa, Richard,</subfield>
    <subfield code="d">1980-</subfield>
    <subfield code="e">author.</subfield>
  </datafield>
  <datafield tag="245" ind1="1" ind2="0">
    <subfield code="a">Digital transformation in accounting /</subfield>
    <subfield code="c">Richard Busulwa and Nina Evans.</subfield>
  </datafield>
  <datafield tag="264" ind1=" " ind2="1">
    <subfield code="a">Abingdon, Oxon ;</subfield>
    <subfield code="a">New York, NY :</subfield>
    <subfield code="b">Routledge,</subfield>
    <subfield code="c">2021.</subfield>
  </datafield>
  <datafield tag="300" ind1=" " ind2=" ">
    <subfield code="a">xiii, 284 pages ;</subfield>
    <subfield code="c">24 cm.</subfield>
  </datafield>
  <datafield tag="336" ind1=" " ind2=" ">
    <subfield code="a">text</subfield>
    <subfield code="b">txt</subfield>
    <subfield code="2">rdacontent</subfield>
  </datafield>
  <datafield tag="337" ind1=" " ind2=" ">
    <subfield code="a">unmediated</subfield>
    <subfield code="b">n</subfield>
    <subfield code="2">rdamedia</subfield>
  </datafield>
  <datafield tag="338" ind1=" " ind2=" ">
    <subfield code="a">volume</subfield>
    <subfield code="b">nc</subfield>
    <subfield code="2">rdacarrier</subfield>
  </datafield>
  <datafield tag="490" ind1="0" ind2=" ">
    <subfield code="a">Business &amp; digital transformation</subfield>
  </datafield>
  <datafield tag="504" ind1=" " ind2=" ">
    <subfield code="a">Includes bibliographical references and index.</subfield>
  </datafield>
  <datafield tag="505" ind1="0" ind2=" ">
    <subfield code="a">Introduction and need for this book -- IT, information systems, strategic information systems, and digital technologies -- Digital technology advancements and digital disruption: game-changing opportunities and existential threats -- Digital business, the digital business imperative, and digital business transformation -- Digital disruption and digital transformation of accounting -- Impact of digital disruption and digital transformation on accountants -- The role of accountants in digital transformation strategy, digital business strategy, digital learning, adaptability and agility -- Role of Accountants in digital customer engagement, digital stakeholder engagement, and digital customer experience -- Role of accountants in enterprise architecture, technology sourcing, data analytics, and data management -- Role of accountants in security, information privacy, and digital ethics -- Role of accountants in digital leadership, accelerated change and transformation, digital risk management, and digital governance -- Keeping up with digital technologies -- Data Management, Data Analytics and Data Science Technologies -- Internet of Things Technologies -- Artificial Intelligence Technologies -- Video analytics, computer vision, and virtual reality technologies -- Robotics, drones and 3D/4D printing technologies -- Network and connectivity technologies -- Blockchain and distributed ledger technologies.</subfield>
  </datafield>
  <datafield tag="520" ind1=" " ind2=" ">
    <subfield code="a">"Digital Transformation in Accounting is a critical guidebook for accountancy and digital business students to navigate the effects of digital technology advancements, digital disruption and digital transformation on the accounting profession. Drawing on the latest research, this book: Unpacks dozens of digital technology advancements, explaining what they are and how they could be used to improve accounting practice Discusses the impact of digital disruption and digital transformation on different accounting functions, roles and activities Integrates traditional accounting information systems concepts and contemporary digital business and digital transformation concepts Includes a rich array of real-world case studies, simulated problems, quizzes, group and individual exercises as well as supplementary electronic resources. Provides a framework and a set of tools to prepare the future accounting workforce for the era of digital disruption. This book is an invaluable resource for students on accounting, accounting information systems and digital business courses, as well as accountants, accounting educators, and accreditation / advocacy bodies"--</subfield>
    <subfield code="c">Provided by publisher.</subfield>
  </datafield>
  <datafield tag="650" ind1=" " ind2="7">
    <subfield code="a">Accounting</subfield>
    <subfield code="x">Data processing.</subfield>
    <subfield code="2">BUEsh</subfield>
  </datafield>
  <datafield tag="650" ind1=" " ind2="7">
    <subfield code="a">Accounting</subfield>
    <subfield code="x">Computer programs.</subfield>
    <subfield code="2">BUEsh</subfield>
  </datafield>
  <datafield tag="650" ind1=" " ind2="7">
    <subfield code="a">Computer software</subfield>
    <subfield code="x">Accounting.</subfield>
    <subfield code="2">BUEsh</subfield>
  </datafield>
  <datafield tag="650" ind1=" " ind2="7">
    <subfield code="a">Information storage and retrieval systems</subfield>
    <subfield code="x">Accounting.</subfield>
    <subfield code="2">BUEsh</subfield>
  </datafield>
  <datafield tag="653" ind1=" " ind2=" ">
    <subfield code="b">GGEN</subfield>
    <subfield code="c">July2021</subfield>
  </datafield>
  <datafield tag="655" ind1=" " ind2=" ">
    <subfield code="v">Reading book</subfield>
    <subfield code="9">34232</subfield>
  </datafield>
  <datafield tag="700" ind1="1" ind2=" ">
    <subfield code="a">Evans, Nina,</subfield>
    <subfield code="e">author.</subfield>
  </datafield>
  <datafield tag="776" ind1="0" ind2="8">
    <subfield code="i">Online version:</subfield>
    <subfield code="a">Busulwa, Richard, 1980-</subfield>
    <subfield code="t">Digital transformation in accounting</subfield>
    <subfield code="d">Abingdon, Oxon ; New York, NY : Routledge, 2021</subfield>
    <subfield code="z">9780429344589</subfield>
    <subfield code="w">(DLC)  2020051666</subfield>
  </datafield>
  <datafield tag="906" ind1=" " ind2=" ">
    <subfield code="a">7</subfield>
    <subfield code="b">cbc</subfield>
    <subfield code="c">orignew</subfield>
    <subfield code="d">1</subfield>
    <subfield code="e">ecip</subfield>
    <subfield code="f">20</subfield>
    <subfield code="g">y-gencatlg</subfield>
  </datafield>
  <datafield tag="942" ind1=" " ind2=" ">
    <subfield code="2">ddc</subfield>
    <subfield code="c">BB</subfield>
  </datafield>
  <datafield tag="952" ind1=" " ind2=" ">
    <subfield code="0">0</subfield>
    <subfield code="1">0</subfield>
    <subfield code="2">ddc</subfield>
    <subfield code="4">0</subfield>
    <subfield code="7">0</subfield>
    <subfield code="8">Alahram</subfield>
    <subfield code="a">MAIN</subfield>
    <subfield code="b">MAIN</subfield>
    <subfield code="c">1ST</subfield>
    <subfield code="d">2021-07-27</subfield>
    <subfield code="e">Purchase</subfield>
    <subfield code="g">769.00</subfield>
    <subfield code="l">0</subfield>
    <subfield code="o">657.0285 BUS</subfield>
    <subfield code="p">000050432</subfield>
    <subfield code="r">2025-07-15 00:00:00</subfield>
    <subfield code="v">961.25</subfield>
    <subfield code="w">2021-07-27</subfield>
    <subfield code="y">BB</subfield>
  </datafield>
</record>
